| 000 | 01800nam a2200517 i 4500 | ||
|---|---|---|---|
| 001 | 26781 | ||
| 003 | KOSZ 005 | ||
| 005 | 20240405063041.0 | ||
| 008 | 060907s1974 pl |000 0 pol | ||
| 015 | _aUWD 1974/7589 | ||
| 035 | _a991031558039705066 | ||
| 035 | _a(PL-WaBN)b18495084-48omnis_nlop | ||
| 035 | _ab18495084 | ||
| 035 | _a(OCoLC)838860676 | ||
| 035 | _azz2003922203 | ||
| 035 | _a(PL)b0000001849508 | ||
| 035 | _a(EXLNZ-48OMNIS_NETWORK)9910030505205606 | ||
| 040 |
_aWA N _cWA N _dKOSZ 005/HR |
||
| 041 | 0 |
_apol _beng _brus |
|
| 080 | _a338.121(438) | ||
| 080 | _a330.35 | ||
| 100 | 1 |
_aNasiłowski, Mieczysław _d(1929-2004) _eAutor |
|
| 245 | 1 | 0 |
_aAnaliza czynników rozwoju gospodarczego PRL / _cMieczysław Nasiłowski ; [współaut. Feliks Grądalski, Krzysztof Leowski]. |
| 260 |
_aWarszawa : _bPaństwowe Wydawnictwo Ekonomiczne, _c1974. |
||
| 300 |
_a235, [1] s. ; _c25 cm. |
||
| 336 |
_aTekst _btxt _2rdacontent |
||
| 337 |
_aBez urządzenia pośredniczącego _bn _2rdamedia |
||
| 338 |
_aWolumin _bnc _2rdacarrier |
||
| 380 | _aKsiążki | ||
| 388 | _a1901-2000 | ||
| 388 | _a1945-1989 | ||
| 546 | _aStreszcz. ang., ros. | ||
| 648 | 7 |
_a1901-2000 _2DBN |
|
| 648 | 7 |
_a1945-1989 _2DBN |
|
| 650 | 7 |
_aWzrost gospodarczy _2DBN |
|
| 650 | 7 | _aEkonomia polityczna socjalizmu | |
| 650 | 7 | _aGospodarka socjalistyczna | |
| 651 | 7 |
_aPolska _2DBN |
|
| 658 | _aGospodarka, ekonomia, finanse | ||
| 700 | 1 |
_aGrądalski, Feliks _eAutor |
|
| 700 | 1 |
_aLeowski, Krzysztof _eAutor |
|
| 710 | 2 |
_aPolskie Wydawnictwo Ekonomiczne _4pbl |
|
| 856 |
_uhttp://koha.tu.koszalin.pl/cgi-bin/koha/opac-detail.pl?biblionumber=26781 _yKatalog online BPK |
||
| 942 |
_2UKD _cKS |
||
| 999 |
_c26781 _d26781 |
||